Por Madrid (cumplimiento de un mandato electoral) (Record no. 164174)

MARC details
000 -LEADER
campo de control de longitud fija 00997nam a2200229 i 4500
001 - NÚMERO DE CONTROL
campo de control 164174
003 - IDENTIFICADOR DE NÚMERO DE CONTROL
campo de control ES-MaACL
005 - FECHA Y HORA DE LA ÚLTIMA TRANSACCIÓN
campo de control 20251014063238.0
008 - DATOS DE LONGITUD FIJA--INFORMACIÓN GENERAL
campo de control de longitud fija 050722s1901 sp | |||||||| ||spa d
100 1# - ENTRADA PRINCIPAL--NOMBRE DE PERSONA
Nombre de persona Ruiz Giménez, Joaquín,
Fechas asociadas al nombre 1854-1934
9 (RLIN) 100819
245 10 - MENCIÓN DEL TÍTULO
Título Por Madrid (cumplimiento de un mandato electoral)
Resto del título : trabajos parlamentarios /
Mención de responsabilidad, etc. de Joaquín Ruiz Jiménez, diputado a Cortes por Madrid.
260 ## - PUBLICACIÓN, DISTRIBUCIÓN, ETC.
Lugar de publicación, distribución, etc. Madrid :
Nombre del editor, distribuidor, etc. [s.n.],
Fecha de publicación, distribución, etc. 1901 (
Fabricante M. Romero, imp.)
300 ## - DESCRIPCIÓN FÍSICA
Extensión 284 p. ;
Dimensiones 22 cm.
530 ## - NOTA DISPONIBLE DE FORMULARIO FÍSICO ADICIONAL
Nota de formato físico adicional disponible Disponible en formato digital.
600 14 - PUNTO DE ACCESO ADICIONAL DE MATERIA--NOMBRE DE PERSONA
Nombre de persona Ruiz Giménez, Joaquín,
Fechas asociadas al nombre 1854-1934
9 (RLIN) 100819
651 #4 - PUNTO DE ACCESO ADICIONAL DE MATERIA--NOMBRE GEOGRÁFICO
Nombre geográfico Madrid-
Subdivisión general Política y gobierno.
9 (RLIN) 160599
852 ## - LOCALIZACIÓN
Ubicación ES-MaACL
Número de control de estantería G-11353
Nota libre - Enc. pasta española
852 ## - LOCALIZACIÓN
Ubicación ES-MaACL
Número de control de estantería G-15791
852 ## - LOCALIZACIÓN
Ubicación ES-MaACL
Número de control de estantería T-978-F-7
Nota libre - Enc. hol., conservando cub. original
-- - Enc. en un vol. facticio
856 ## - LOCALIZACIÓN Y ACCESO ELECTRÓNICOS
Identificador Uniforme de Recursos <a href="http://bdh-rd.bne.es/viewer.vm?id=0000192423&page=1 ">http://bdh-rd.bne.es/viewer.vm?id=0000192423&page=1 </a>
Nota pública Biblioteca Digital Hispánica
Holdings
Estatus retirado Estado de pérdida Estado de daño No para préstamo Colección Biblioteca de origen Biblioteca actual Ubicación en estantería Fecha de adquisición Total de préstamos Signatura topográfica completa Código de barras Visto por última vez Precio de reemplazo Tipo de ítem Koha Fuente de adquisición
        Colección de folletos Biblioteca del Ateneo de Madrid Biblioteca del Ateneo de Madrid Depósito folletos 17/01/2008   T-978-F-7 1172069 23/02/2023 23/02/2023 Folleto  
        Colección digital Biblioteca del Ateneo de Madrid Biblioteca del Ateneo de Madrid Sala Pecera Planta 3 17/01/2008   G-11353 1172067 23/02/2023 23/02/2023 Libro impreso antiguo  
        Colección digital Biblioteca del Ateneo de Madrid Biblioteca del Ateneo de Madrid Sala Pecera Planta 3 17/01/2008   G-15791 1172068 23/02/2023 23/02/2023 Libro impreso antiguo